banner-ar

رسائل ابن سنان / (Record no. 33215)

MARC details
000 -الفاتح
حقل البيانات ثابتة الطول 00672nam a2200217Ia 4500
008 - عناصر البيانات ثابتة الطول - معلومات عامة
حقل البيانات ثابتة الطول 140319s9999 xx 000 0 ara d
040 ## - مصدر الفهرسة
وكالة الفهرسة الأصلية GCL /
وكالة النسخ GCL
082 04 - رقم تصنيف ديوى العشرى
رقم التصنيف 516.15
رقم المادة ا ر
100 1# - المدخل الرئيسى - إسم شخصى
الإسم الشخصى احمد سليم سعيدان
245 10 - بيان العنوان
العنوان رسائل ابن سنان /
بيان المسئوليه,etc احمد سليم سعيدان
260 ## - PUBLICATION, DISTRIBUTION, ETC. (IMPRINT)
تاريخ النشر أو التوزيع 1983
300 ## - الوصف المادى
التعداد 376 ص
490 ## - بيان السلسلة
عنوان السلسلة السلسلة التراثية
رقم المجلد/ التعيين التسلسلي 0
650 04 - المدخل الاضافى بالموضوع-مصطلح موضوعى
مصطلح موضوعي الهندسة
650 04 - المدخل الاضافى بالموضوع-مصطلح موضوعى
مصطلح موضوعي الرياضيات
650 04 - المدخل الاضافى بالموضوع-مصطلح موضوعى
مصطلح موضوعي الرسم الهندسى
650 04 - المدخل الاضافى بالموضوع-مصطلح موضوعى
مصطلح موضوعي التصميم الهندسى
650 04 - المدخل الاضافى بالموضوع-مصطلح موضوعى
مصطلح موضوعي التحليل الهندسى
942 ## - عناصر المدخل الإضافي( كوها)
مصدر التصنيف او مخطط الترفيف Dewey Decimal Classification
Koha [default] item type كتاب
260 ## - PUBLICATION, DISTRIBUTION, ETC. (IMPRINT)
-- [S.N] :
-- مطابع كويت تايمز ،
Holdings
حالة التراجع حالة الفقد حالة تلف ليس للاعارة المكان المؤقت الموقع الحالى تاريخ الاكتساب اجمالي اﻻعارات رقم الطلب الباركود تاريخ اخر مشاهدة تاريخ تفعيل السعر نوع وعاء كوها
        مكتبة القاهرة الكبرى مكتبة القاهرة الكبرى 03/26/2014   516.15\ا ر 78931 03/26/2014 03/26/2014 كتاب
        مكتبة القاهرة الكبرى مكتبة القاهرة الكبرى 03/26/2014   516.15\ا ر 78932 03/26/2014 03/26/2014 كتاب

Powered By

EGPV